000 00677cam a2200241 4500
008 090401t1999 xxu||||| |||| 00| 0 eng d
020 _a1840282029
035 _a(Sirsi) u89372
041 _aeng
050 _a658.3145
100 _aRogers, Jenny
245 _aInfluencing skills.
260 _aLondon
_bMarshall Publishing
_c1999
350 _a9.99
520 _aDue to be published April 1999. Produced in association with Video Arts.
650 _aASSERTIVENESS
650 _aINTELLIGENCE
650 _aINTERPERSONAL SKILLS
650 _aPEOPLE SKILLS
690 _aMANAGEMENT-BUSINESS MANAGEMENT-PROFESSIONAL PRACTICE
942 _n0
948 _c29/10/1998
999 _c97454
_d97454